Acerca del militarismo y el armamentismo en América Latina /
Guardado en:
| Hovedforfatter: | |
|---|---|
| Format: | Texto |
| Fag: | |
| Tags: |
Tilføj Tag
Ingen Tags, Vær først til at tagge denne postø!
|
MARC
| LEADER | 00000 a a2200000 04500 | ||
|---|---|---|---|
| 001 | 18657 | ||
| 003 | |||
| 040 | |||
| 100 | |a Calvo Gamboa, Carlos | ||
| 245 | |a Acerca del militarismo y el armamentismo en América Latina / |c Carlos Calvo Gamboa | ||
| 650 | |a PARTICIPACION POLITICA | ||
| 650 | |a FUERZAS ARMADAS | ||
| 650 | |a MILITARISMO | ||
| 650 | |a MODERNIZACION | ||
| 650 | |a HISTORIA | ||
| 650 | |a LUCHA DE CLASES | ||
| 773 | |g número 37; páginas 45-54 | ||
| 999 | |c 26198 |d 26198 | ||
